Jóvenes y espacio público : del estigma a la indignación /

I tiakina i:
Ngā taipitopito rārangi puna kōrero
Kaituhi matua: Trilla, Jaume (coordinación)
Hōputu: Pukapuka
Reo:Pāniora
I whakaputaina: Barcelona, España : Bellaterra, 2011, c2011
Rangatū:(Serie General Universitaria ; 121)
Ngā marau:
Ngā Tūtohu: Tāpirihia he Tūtohu
Kāore He Tūtohu, Me noho koe te mea tuatahi ki te tūtohu i tēnei pūkete!

MARC

LEADER 00000nam^a2200000^a^4500
001 000400386
005 20250521000000.0
009 20260310121617.435
020 |a 978-84-7290-560-3 
037 |a Acervo ITESO - Biblioteca 
041 |a ESP 
082 |a 305. 235  |b TRI 
100 |a Trilla, Jaume  |e (coordinación) 
245 1 0 |a Jóvenes y espacio público :  |b del estigma a la indignación /  |c J. Trillas. 
264 4 |a Barcelona, España :  |b Bellaterra,  |c 2011, c2011 
300 |a 249 p. 
336 |a texto  |b txt  |2 rdacontenido 
337 |a sin mediación  |b n  |2 rdamedio 
338 |a volumen  |b nc  |2 rdasoporte 
440 1 |a (Serie General Universitaria ;  |v 121) 
521 |a FIL 2017 EEnlace Departamento de Estudios Socioculturales 
649 |a XX 
650 |a Jóvenes -  |x Condiciones Sociales y Culturales -  |x Tema Principal 
650 |a Vida Pública 
650 |a Participación Social 
650 |a Identidad Cultural 
650 |a Estereotipo 
650 |a Prostitución 
650 |a Problemas Sociales 
650 |a Prácticas Culturales 
650 |a Política Social 
650 |a Sociología 
910 |a Fondo General 
920 |a Impresos - Libros 
930 |a Colección General 
905 |a 101 
901 |a 0500295429  |b IT1  |c ACC  |i c157702  |u 20250521 
902 |a https://opac.biblio.iteso.mx/vufind/Record/000400386